000 00263nam a2200097Ia 4500
001 1050382
005 20250827001207.0
008 250824s9999 xx 000 0 und d
245 0 _aSORULARLA OSMANLI İMPARATORLUĞU
_cERHAN AFYONCU
260 _bYEDİTEPE YAYINLARI
999 _c1050382
_d1050382